00512 2200193 4500001002100000005001500021008004100036035001900077041000700096082001100103090001700114100002400131700002100155245005000176260003000226300003800256500001100294650001300305INLIS00000000002214220241224131220241224||||||||| | ||| |||| || |  0010-1224022142 aid0 a635.26 a635.26 SUN b0 aH. Hendro Sunarjono0 aPrasodjo Soedomo00aBudidaya Bawang Merah (Allium ascalonicum. L) aBandungbSinar Baruc1989 a21x14,5 cm, viii, 68 hlm.; ilus.: aCet. 2 0aBudidaya